000 00306nam a2200133Ia 4500
005 20251222144804.0
008 251222s9999||||xx |||||||||||||| ||spa||
020 _a84-206-7224-6
082 _a838.9/B82P
100 _aBrencht, Bertolt
245 0 _aPoemas y Canciones
264 _bAlianza
942 _cLIB
999 _c19841
_d19841